Zmluva o pôžičke a výpožičke

Pojmové vymedzenie zmluvy o pôžičke, jej podstatné znaky. Úrok ako odplata za užívanie peňažnej istiny. Zmluva o výpožičke.

Enregistré dans:
Détails bibliographiques
Auteur principal: Pauličková, Alena
Format: Chapitre de livre
Langue:slovaque
Sujets:
Tags: Ajouter un tag
Pas de tags, Soyez le premier à ajouter un tag!

MARC

LEADER 00000naa a2200000 4500
001 r035050
005 20230919123516.5
041 0 |a slo 
044 |a SK 
245 1 0 |a Zmluva o pôžičke a výpožičke  |c Alena Pauličková 
520 |a Pojmové vymedzenie zmluvy o pôžičke, jej podstatné znaky. Úrok ako odplata za užívanie peňažnej istiny. Zmluva o výpožičke. 
610 2 0 |a pôžičky 
610 2 0 |a zmluvy 
610 2 0 |a dlžníci 
610 2 0 |a úrok 
610 2 0 |a splátky 
610 2 0 |a veritelia 
610 2 0 |a Slovensko 
100 1 |a Pauličková, Alena